000 00936cam a22002771 4500
001 21737
003 BD-RjUL
005 20211209000725.0
008 140305s1960 enk 000 0 eng
035 _a(BD-RjUL)21802
035 _a(OCoLC)8241033
040 _aDLC
_cWaChenE
_dOCoLC
_dODaWU
_dOCoLC
_dUk
_dDLC
_dBD-RjUL
_beng
041 _aeng
082 _a882
_bMEB 1960
100 0 _aMenander,
_967125
245 1 4 _aThe bad-tempered man :
_bor the misanthrope : a play in five scenes /
_cTranslated by Philip Vellacott. With a foreword by Christopher Fry.
260 _aLondon ;
_aNew York :
_bOxford Univerisity Press,
_cc1960.
300 _axxi, 50 p. ;
_c19 cm.
500 _aTranslation of Misoumenos.
651 _aGreek drama
_eTranslations into English.
_967126
700 1 _aVellacott, Philip.
_964963
740 4 _aThe misanthrope.
942 _2ddc
_cBK
999 _c21737
_d21737